000 01105cam a22002773a 4500
001 31727
003 PGUSA
005 20140828083703.0
008 100321s2010||||xxu|||||s|||||000 | eng d
040 _aPGUSA
_beng
042 _adc
050 4 _aHQ
100 1 _aMeisel-Hess, Grete,
_d1879-1922
245 1 0 _aWeiberhaß und Weiberverachtung :
_bEine Erwiderung auf die in Dr. Otto Weiningers Buche »Geschlecht und Charakter« geäußerten Anschauungen über »Die Frau und ihre Frage«
_h[electronic resource] /
_cGrete Meisel-Hess
260 _bProject Gutenberg,
_c2010
506 _aPublic domain in the USA.
516 _aElectronic text
653 _aSex role
653 _aWeininger, Otto, 1880-1903. Geschlecht und Charakter
653 _aMisogyny
653 _aWomen -- Social conditions
740 0 _aWeiberhass und Weiberverachtung Eine Erwiderung auf die in Dr. Otto Weiningers Buche »Geschlecht und Charakter« geäusserten Anschauungen über »Die Frau und ihre Frage«
830 0 _aProject Gutenberg
_v31727
856 4 0 _uhttp://www.gutenberg.org/ebooks/31727
942 _cEB
999 _c260982
_d260982